• 首页
  • 本馆介绍
  • 公告通知
  • 最新文献
  • 馆藏检索
  • 电子资源
  • 读者导购
  • 参考咨询
  • 我的图书馆
  • 登录
  • 详细信息显示
  • 放入我的书架
  • 预约/预借图书
  • 作者相关作品
  • 分类相关作品
  • 丛书相关作品
  • 出版社相关作品

书目信息

  • 表格格式
  • 工作单格式
  • 卡片格式
题名:
环境地质学
    
 
作者: 朱大奎 , 王颖 , 陈方 编著
分册:  
出版信息: 北京   高等教育出版社  2000
页数: 387页
开本: 26cm
丛书名: 面向21世纪课程教材
单 册:
中图分类: X141
科图分类:
主题词: 环境地质学
电子资源:
ISBN: 7-04-008624-7
000 00690nam0 2200241 45
001 0211060964
005 20031219104059.9
010    @a7-04-008624-7@dCNY22.20
100    @a20021106d2000 km y0chiy0120 ea
101 0  @achi
105    @a z 000yy
200 1  @a环境地质学@AHuan Jing Di Zhi Xue@f朱大奎,王颖,陈方编著@FZhu Da Kui,Wang Ying,Chen Fang Bian Zhu
210    @a北京@c高等教育出版社@d2000
215    @a387页@d26cm
225    @a面向21世纪课程教材
410    @12001 @a面向21世纪课程教材
606 0  @a环境地质学
690    @aX141@v4
701  0 @a朱大奎@4编著
701  0 @a王颖@4编著
701  0 @a陈方@4编著
801    @aCN@bTSTC@c20021106
905    @b317004-008@dX141@e35@f5
    
    环境地质学/朱大奎,王颖,陈方编著.-北京:高等教育出版社,2000
    387页;26cm.-(面向21世纪课程教材)
    
    
    ISBN 7-04-008624-7:CNY22.20
    
●
相关链接 在E读中查询图书 在五车中查询图书 在当当中查询图书 在豆瓣中查询图书


正题名:环境地质学     索取号:X141/35         预约/预借

序号 登录号 条形码 馆藏地/架位号 状态 备注
1 0317004   203170040   第三借阅区/ [索取号:X141/35] 在馆    
2 0317005   203170059   第三借阅区/ [索取号:X141/35] 在馆    
3 0317006   203170068   第三借阅区/ [索取号:X141/35] 在馆    
4 0317007   203170077   第三借阅区/ [索取号:X141/35] 在馆    
5 0317008   203170086   第二样本阅览室/ [索取号:X141/35] 在馆    
唐山师范学院图书馆 欢迎您!
大连网信软件有限公司© 版权所有